1168 1153 1904 1210 1267 1483 1816 1849 1885 1255 1426 1737 1416 1807 1509 1040 1128 1097 1311 1405 1252 1234 1201 1763 1902 1916 1016 1397 1114 1348 1732 1300 1584 1893 1706 1473 1184 1025 1791 1472 1808 1020 1039 1255 1621 1777 1994 1213 1475 1473 1402 1139 1653 1973 1955 1136 1833 1585 1574 1025 1445 1547 1879 1016 1866 1535 1434 1854 1839 1531 1271 1554 1825 1975 1980 1593 1802 1864 1901 1034 1368 1033 1242 1891 1715 1874 1089 1088 1567 1312 1063 1972 1046 1545 1715 1713 1148 1887 1635 BCNSPRNW ULIB Ver.6.0+V

เปลี่ยนเป็นภาษาไทย

Change to English
 แสดงรายละเอียดบรรณานุกรม
  กลับหน้าหลัก

Brief Record : Get Marc (ISO 2709) : E-mail record : QR code < ปิดหน้าต่าง
LEADER : 00000nam 2200000uu 4500
001    13399128548
003     ULIB
008    230906s2562||||th 000 0 tha d
020    ^a9786164972001^c350
060 04 ^aWY156.5^bก492
245 00 ^aการพยาบาลผู้ป่วยที่มีลำไส้และรูเปิดทางหน้าท้อง :^bประสบการณ์จากผู้เชี่ยวชาญ = Enterostomal nursing care : experience from experts /^cบรรณาธิการ จุฬาพร ประสังสิต, กาญจนา รุ่งแสงจันทร์, ยุวรัตน์ ม่วงเงิน
246 31 ^aEnterostomal nursing care :^bexperience from experts
250    ^aพิมพ์ครั้งที่ 2
260    ^aกรุงเทพฯ :^bงานพัฒนาคุณภาพการพยาบาล ฝ่ายการพยาบาล โรงพยาบาลศิริราช คณะแพทยศาสตร์ศิริราชพยาบาล มหาวิทยาลัยมหิดล,^c2562
300    ^aviii, 262 หน้า :^bภาพประกอบ
504    ^aบรรณานุกรมท้ายเรื่อง
504    ^aดัชนีท้ายเล่ม
590    ^aGift-T-62
650  7 ^aกระเพาะอาหารและลำไส้, เนื้องอก^xการพยาบาล
650  7 ^aลำไส้, โรค^xศัลยกรรม
700 0  ^aจุฬาพร ประสังสิต,^eบรรณาธิการ
700 0  ^aกาญจนา รุ่งแสงจันทร์,^eบรรณาธิการ
700 0  ^aยุวรัตน์ ม่วงเงิน,^eบรรณาธิการ
710 2  ^aมหาวิทยาลัยมหิดล^bคณะแพทยศาสตร์ศิริราชพยาบาล^bโรงพยาบาลศิริราช
710 2  ^aโรงพยาบาลศิริราช^bฝ่ายการพยาบาล^bงานพัฒนาคุณภาพการพยาบาล
945    ^p350^l0^i29707
945    ^p350^l0^i29708
999    ^aกัณชพร จุลอักษร
รายการนี้ยังไม่มีแท็ก
คุณยังไม่ได้ล็อกอิน คุณสามารถมีกิจกรรมร่วมกับเว็บไซต์ได้ แต่ต้องล็อกอินก่อน ::
  ล็อกอิน

รายการสื่อสารสนเทศ

ลำดับที่ ประเภท เลขเรียก/บาร์โค้ด สถานที่ สถานะ
1. หนังสือสำรอง
หนังสือสำรอง
WY156.5 ก492 ฉ.1 
  Barcode: 29707
ห้องสมุดวิทยาเขตนครสวรรค์
►หนังสือทั่วไป:l:General Books
บนชั้น
2. วิทยาศาสตร์การแพทย์ และสุขภาพ
วิทยาศาสตร์การแพทย์ และสุขภาพ
WY156.5 ก492 ฉ.2 
  Barcode: 29708
ห้องสมุดวิทยาเขตนครสวรรค์
►หนังสือทั่วไป:l:General Books
บนชั้น

BibComment


ยังไม่เคยถูกคอมเมนท์

คอมเมนท์ทรัพยากรรายการนี้
  คอมเมนท์: การพยาบาลผู้ป่วย..


 Copyright 2026. Bcnsprnw @Library